| 000 | 02356cam a2200385 a 4500 | ||
|---|---|---|---|
| 001 | 14486488 | ||
| 005 | 20170105102841.0 | ||
| 008 | 060808s2007 ctuabf b 001 0ceng | ||
| 010 | _a 2006026012 | ||
| 015 |
_aGBA671827 _2bnb |
||
| 016 | 7 |
_a013536735 _2Uk |
|
| 020 | _a0275991857 (alk. paper) | ||
| 020 | _a9780275991852 (alk. paper) | ||
| 035 | _a(OCoLC)ocm70867069 | ||
| 040 |
_aDLC _cDLC _dUKM _dBAKER _dC#P _dYDXCP _dIXA _dDLC |
||
| 043 |
_ae-gx--- _ae-fr--- |
||
| 050 | 0 | 0 |
_aD757.56 Nr. 7 _b.M57 2007 |
| 082 | 0 | 0 |
_a940.54/214092243 _222 |
| 100 | 1 | _aMitcham, Samuel W. | |
| 245 | 1 | 0 |
_aRommel's lieutenants : _bthe men who served the Desert Fox, France, 1940 / _cSamuel W. Mitcham, Jr. |
| 260 |
_aWestport, Conn. : _bPraeger Security International, _c2007. |
||
| 300 |
_axiv, 202 p., [21] p. of plates : _bill., maps ; _c25 cm. |
||
| 504 | _aIncludes bibliographical references (p. [189]-191) and indexes. | ||
| 505 | 0 | _aThe sources of Rommel's officers -- Karl Rothenburg: hero of two wars -- Rudolf Sieckenius: the scapegoat -- Karl August Hanke: Nazi politician .. 53 -- Joachim von Metzsch: the supply officer -- Dr. Wilhelm Baumeister: the medical officer -- Hans von Luck: the charming aristocrat -- Joachim Ziegler: the SS general -- Gottfried Froelich: the Saxon gunner -- Georg von Bismarck: the Prussian junker -- Friedrich Fuerst: the second in command -- Friedrich-Carl von Steinkeller: the motorcycle commander -- Hans Joachim von Kronhelm: the heavy artillery commander -- Eduard Crasemann: the war criminal -- Frido von Senger und Etterlin: the snobbish aristocratic -- Otto Heidkaemper: the chief of staff -- Johann Mickl: the Austrian mountaineer. | |
| 600 | 1 | 0 |
_aRommel, Erwin, _d1891-1944 _xFriends and associates. |
| 610 | 1 | 0 |
_aGermany. _bHeer. _bPanzer-Division, 7. _vBiography. |
| 610 | 1 | 0 |
_aGermany. _bHeer _xOfficers _vBiography. |
| 610 | 1 | 0 |
_aGermany. _bHeer. _bPanzer-Division, 7. _xHistory. |
| 650 | 0 |
_aWorld War, 1939-1945 _xCampaigns _zFrance. |
|
| 650 | 0 |
_aWorld War, 1939-1945 _xRegimental histories _zGermany. |
|
| 856 | 4 | 1 |
_3Table of contents only _uhttp://www.loc.gov/catdir/toc/ecip0618/2006026012.html |
| 906 |
_a7 _bcbc _corignew _d1 _eecip _f20 _gy-gencatlg |
||
| 942 |
_2ddc _cBK |
||
| 999 |
_c13882 _d13882 |
||